00544nam a2200181 a 45000010010000000030011000100080041000210350026000620820014000881000021001022450043001232600045001666500014002119420012002259520090002379980020003279990015003470000-9377ELIB.Books110520 1966  a(ELIB.Books)0000-9529 a252 bGre aGreene, Oliver B aWhy does the Devil Desire to Damn You? bGreenville: The Gospel Hour, Inc. c1966 aPreaching 2ddccBK 00102ddc4070aKBTSbKBTSd2011-05-20l0p8327r2022-01-22 00:00:00w2022-01-22yBK cbate2011-05-20 c9377d9377